Nazwij pasujące polskie miasto #2 - Statystyki

Ogólne statystyki
  • Ten quiz został rozwiązany 3 021 razy
  • Średni wynik to 7 z 15
Statystyki odpowiedzi
Nazwij pasujące polskie miasto... # Miasto % Poprawnych
które wchodzi w skład Trójmiasta 3 Sopot | Gdynia | Gdańsk
99%
które zaczyna się na literę E 2 Elbląg | Ełk
98%
które jest stolicą województwa, ale nie jest jego największym miastem 2 Gorzów Wielkopolski | Toruń
89%
którego powierzchnia przekracza 300 km² 5 Gdańsk | Warszawa | Gdynia | Kraków | Szczecin
86%
które jest stolicą województwa podkarpackiego 1 Rzeszów
74%
którego drużyna zdobyła medal w piłkarskiej Ekstraklasie w sezonie 2009/10 3 Poznań | Kraków | Chorzów
62%
które jest miejscem urodzenia marszałka Senatu III RP 5 Kutno | Łódź | Lidzbark Warmiński | Warszawa | Szczecin
55%
którego siatkarski klub wygrał PlusLigę 5 Rzeszów | Jastrzębie-Zdrój | Bełchatów | Kędzierzyn-Koźle | Lublin
54%
przez które przebiega droga krajowa nr 17 7 Garwolin | Kurów | Lublin | Piaski | Krasnystaw | Zamość | Tomaszów Lubelski
29%
które jest największym miastem zawierające literę J w nazwie 1 Jaworzno
28%
które zamieszkuje mniej niż 100 tys. ludzi, lecz posiada placówkę innego państwa 5 Biała Podlaska | Chełm | Przemyśl | Sejny | Zakopane
22%
które jest jednym z dwóch największych miast na Ziemiach Odzyskanych, nie uwzględniając miast wojewódzkich 2 Zabrze | Gliwice
18%
które na km² zamieszkuje co najmniej 3 600 osób 3 Legionowo | Piastów | Ząbki
14%
które leży w powiecie sandomierskim *nie uwzględniając Sandomierza 3 Koprzywnica | Klimontów | Zawichost
8%
które w latach 2002-2023 straciło co najmniej 23% swojej populacji 11 Władysławowo | Hel | Jastarnia | Pieszyce | Kleszczele | Zawadzkie | Dęblin | Zdzieszowice | Działoszyce | Wodzisław | Piątek
7%
Nie znaleziono quizów pasujących do podanych kryteriów
Rozkład punktacji
Procent ludzi z każdym wynikiem
Percentyl według liczby udzielonych odpowiedzi
Twoja historia wyników
Nie rozwiązałeś tego quizu